000 00321pab a2200145 454500
008 180718b2006 xxu||||| |||| 00| 0 eng d
100 _aKaul, Arun
245 _aMonetary policy: first quarter review
260 _c2006
300 _ap.41-42.
362 _aOct
650 _aWomen
773 _aYojana
909 _a71723
999 _c71723
_d71723